000
00233nam a22000857a 4500
008
160630b xxu||||| |||| 00| 0 eng d
100
_9
1460
_a
Baveja, G
245
_a
Variety at Meal Times
260
_a
New Delhi
_b
Rupa & Co Publication
_c
1995
999
_c
1207
_d
1207